| 000 | 00484nam a22002057a 4500 | ||
|---|---|---|---|
| 003 | OSt | ||
| 008 | 260213b |||||||| |||| 00| 0 eng d | ||
| 020 | _a9789357461672 | ||
| 082 | _a006.312 SHD | ||
| 100 | _aSHMUELI,Galit | ||
| 245 | _aData Mining for Business Analytics | ||
| 250 | _a1st Ed | ||
| 260 |
_aNew Delhi _bWiley _c2024 |
||
| 300 | _a603p | ||
| 700 | _aBRUCE,Peter C | ||
| 700 | _aGEDECK,Peter | ||
| 700 | _aPATEL,Nitin R | ||
| 700 | _aWALI,OP | ||
| 942 |
_2ddc _cREF |
||
| 999 |
_c13814 _d13814 |
||